Zameranie štátneho zdravotného dozoru školské stravovacie zariadenia

Bibliographic Details
Main Author: Hamade, Jana (Author)
Format: Article
Language:Slovak
ISSN:1336-9849
Subjects:

MARC

LEADER 00000nab a2200000 ar4500
001 vtls010495367
003 SK-MaSNL
005 20260303090159.0
008 130306c2013 xo |r|p|||a |000 b|slo
015 |a SNBRB2013/03 
038 |a SPK 
040 |a SPKCL  |b slo  |c AACR2  |e AACR2 
041 0 |a slo  |b slo 
044 |a xo  |c SK 
072 7 |a 371  |x Školstvo (organizácia)  |2 konspekt 
080 |a 371.217.2  |2 2001 
100 1 |a Hamade, Jana  |4 aut  |9 317065 
245 1 0 |a Zameranie štátneho zdravotného dozoru  |b školské stravovacie zariadenia  |c Jana Hamade 
546 |a Res. slov. 
650 0 7 |a školské stravovanie  |2 snkbucl  |9 71306 
650 0 7 |a štátny zdravotný dozor  |2 snkbucl  |9 538542 
773 0 |t Manažment školy : odborný mesačník pre manažment škôl, školských a predškolských zariadení  |g Roč. 8, č. 3(2013), s. 6-11  |x 1336-9849 
852 |a SPK  |b KIS3GCP 
999 |c 1802222  |d 1804152